| 000 | 00606nam a22001937a 4500 | ||
|---|---|---|---|
| 003 | OSt | ||
| 005 | 20260422083551.0 | ||
| 008 | 260422b |||||||| |||| 00| 0 eng d | ||
| 020 | _a0-15-505069-9. | ||
| 040 |
_aDWC-Main lib _cOC |
||
| 082 |
_214th ed. _aCirc. 150 Sm55a 2003 |
||
| 100 | _aSmith, Edward E. | ||
| 245 |
_aAtkinson and higard's introduction to psychology/ _cEdward E. Smith |
||
| 250 | _a14th ed. | ||
| 260 |
_a Australia : _bThomson / Wadsworth, _cc2003. |
||
| 300 |
_axxix, 677 p. : _bcol. ill. ; _c28 cm. |
||
| 504 | _aIncludes index. | ||
| 942 |
_2ddc _cBK-CIRC _e 14th ed. _kCirc. _n0 |
||
| 999 |
_c9732 _d9732 |
||